Airlines By Picture VERY EASY! - Statistics

General Stats
  • This quiz has been taken 53 times
  • The average score is 9 of 16
Answer Stats
Picture Answer % Correct
Emirates
96%
British Airways
87%
Ryanair
69%
Singapore Airlines
64%
Surinam Airways
60%
Iberia
58%
Southwest Airlines
58%
UPS
51%
Lion Air
49%
Qantas Airways
49%
Icelandair
47%
LOT Polish Airlines
47%
Wizz Air
47%
KLM Royal Dutch Airlines
44%
Transaero
22%
Malaysia Airlines Cargo
16%
No matching quizzes found
Score Distribution
Percent of People with Each Score
Percentile by Number Answered
Your Score History
You have not taken this quiz